header

Configuring Check Point NGX VPN-1/FireWall-1 (Record no. 211416)

MARC details
000 -LEADER
fixed length control field 01389nam a2200349Ia 4500
082 04 - DEWEY DECIMAL CLASSIFICATION NUMBER
Classification number 005.8
245 00 - TITLE STATEMENT
Title Configuring Check Point NGX VPN-1/FireWall-1
260 ## - PUBLICATION, DISTRIBUTION, ETC. (IMPRINT)
Place of publication Rockland, Mass. :
Name of publisher Syngress Pub.,
Year of publication c2005.
300 ## - PHYSICAL DESCRIPTION
Number of Pages xxx, 625 p. :
Other physical details ill.
500 ## - GENERAL NOTE
General note Includes index.
650 #0 - SUBJECT ADDED ENTRY--TOPICAL TERM
Topical Term Computer networks
Topical Term Computer security
Topical Term Extranets (Computer networks)
Topical Term Firewalls (Computer security)
700 1# - ADDED ENTRY--PERSONAL NAME
Personal name Stephens, Robert.
856 40 - ELECTRONIC LOCATION AND ACCESS
Uniform Resource Identifier http://site.ebrary.com/lib/rucke/Doc?id=10110278

No items available.

© 2026 Rongo University
Contact us: librarian | system librarian | Rongo university